The modern British economy in historical perspective

Wedi'i Gadw mewn:
Manylion Llyfryddiaeth
Prif Awdur: Reader, K. S.
Fformat: Llyfr
Iaith:Undetermined
Cyhoeddwyd: Harlow Longmans 1969
Pynciau:
Tagiau: Ychwanegu Tag
Dim Tagiau, Byddwch y cyntaf i dagio'r cofnod hwn!
Thư viện lưu trữ: Trung tâm Học liệu Trường Đại học Cần Thơ
LEADER 00549nam a2200205Ia 4500
001 CTU_83199
008 210402s9999 xx 000 0 und d
082 |a 330.942 
082 |b R282 
100 |a Reader, K. S. 
245 4 |a The modern British economy in historical perspective 
245 0 |c K. S. Reader 
260 |a Harlow 
260 |b Longmans 
260 |c 1969 
650 |a Great Britain 
650 |x Economic conditions 
650 |y 1964-1979 
904 |i QHieu(sửa) 
980 |a Trung tâm Học liệu Trường Đại học Cần Thơ